Organismos de Colombia - Estadísticas

Estadísticas generales
  • Esta prueba ha sido intentada 10 veces
  • La puntuación promedio es 30 de 42
Estadísticas de respuestas
Entidad % Correcto
Cámara de Representantes
100%
Contraloría General de la República
100%
Fiscalía General de la Nación
100%
Ministerio de Ambiente y Desarrollo Sostenible
100%
Ministerio de Educación Nacional
100%
Ministerio de Hacienda y Crédito Público
100%
Ministerio de Salud y Protección Social
100%
Ministerio de Vivienda, Ciudad y Territorio
100%
Presidencia de la República
100%
Registraduría Nacional del Estado Civil
100%
Senado de la República
100%
Consejo Nacional Electoral
80%
Corte Constitucional
80%
Corte Suprema de Justicia
80%
Departamento Nacional de Planeación
80%
Ministerio de Ciencia, Tecnología e Innovación
80%
Ministerio de Comercio, Industria y Turismo
80%
Ministerio de Cultura
80%
Ministerio de Igualdad y Equidad
80%
Ministerio del Interior
80%
Ministerio de Relaciones Exteriores
80%
Ministerio de Transporte
80%
Procuraduría General de la Nación
80%
Consejo de Estado
60%
Defensoría del Pueblo
60%
Departamento Administrativo de la Presidencia de la República
60%
Departamento Administrativo Nacional de Estadística
60%
Ministerio de Agricultura y Desarrollo Rural
60%
Ministerio de Defensa Nacional
60%
Ministerio de Justicia y del Derecho
60%
Ministerio del Deporte
60%
Ministerio de Minas y Energía
60%
Ministerio de Trabajo
60%
Vicepresidencia de la República
60%
Consejo Superior de la Judicatura
40%
Departamento Administrativo de la Función Pública
40%
Departamento Administrativo para la Prosperidad Social
40%
Dirección Nacional de Inteligencia
40%
Auditoría General de la República
20%
Banco de la República
20%
Comisión Nacional del Servicio Civil
20%
Ministerio de Tecnologías de la Información y las Comunicaciones
20%
No se encontraron pruebas coincidentes
Distribución de puntuación
Porcentaje de gente con cada puntuación
Porcentaje por número respondido
Historial de tus puntuaciones
No has intentado esta prueba.